[Event "Thursday Night Marathon Online"]
[Site "chess.com"]
[Date "2021.07.01"]
[Round "4"]
[White "Fong, Nathan"]
[Black "Gedajlovic, Max"]
[Result "0-1"]
[WhiteElo "2004"]
[BlackElo "2213"]
[PlyCount "70"]
[EventDate "2021.06.24"]
[EventType "swiss (rapid)"]
[EventRounds "8"]
[EventCountry "USA"]

1. e4 e6 2. b3 d5 3. Bb2 Nf6 4. e5 Nfd7 5. f4 c5 6. Nf3 Nc6 7. Bb5 Qb6 8. Nc3
d4 9. Bxc6 Qxc6 10. Ne2 b6 11. Ng3 Bb7 12. Qe2 g6 13. d3 Be7 14. Ne4 h5 15. h4
b5 16. a4 bxa4 17. Rxa4 Nb6 18. Ra5 Nd5 19. g3 Qb6 20. Qd2 c4 21. Bxd4 c3 22.
Bxb6 cxd2+ 23. Kxd2 Nxb6 24. c3 O-O-O 25. Ke2 Kb8 26. Rha1 Rd7 27. Nd4 Rc8 28.
Nb5 a6 29. Nbd6 Bxd6 30. Nxd6 Rxc3 31. Nxb7 Rxb7 32. Rxa6 Rxb3 33. Ke3 Rd7 34.
Rd1 Nd5+ 35. Kf2 Nb4 0-1

[Event "Thursday Night Marathon Online"]
[Site "chess.com"]
[Date "2021.07.08"]
[Round "5"]
[White "Ochoa, Jason"]
[Black "Gedajlovic, Max"]
[Result "0-1"]
[WhiteElo "1759"]
[BlackElo "2213"]
[PlyCount "88"]
[EventDate "2021.06.24"]
[EventType "swiss (rapid)"]
[EventRounds "8"]
[EventCountry "USA"]

1. c3 d5 2. g3 e5 3. Bg2 Nf6 4. d3 Bd6 5. Nf3 O-O 6. O-O c5 7. Bg5 Nc6 8. Nbd2
h6 9. Bxf6 Qxf6 10. e4 d4 11. Nc4 Bc7 12. h3 Be6 13. Nfd2 Rfd8 14. Qe2 b5 15.
Na3 a6 16. c4 Rab8 17. cxb5 axb5 18. Rfc1 Qe7 19. Nf3 Rdc8 20. Nh4 g6 21. Qd2
Kg7 22. Nf5+ gxf5 23. exf5 Bd7 24. f6+ Qxf6 25. Rxc5 Ne7 26. Rac1 Bd6 27. Rxc8
Rxc8 28. Rxc8 Nxc8 29. Qa5 Bxa3 30. Qxa3 Bc6 31. Qc5 Bxg2 32. Kxg2 Nd6 33. b3
e4 34. Qc2 Qf3+ 35. Kg1 exd3 36. Qc5 Qxf2+ 37. Kxf2 Ne4+ 38. Ke1 Nxc5 39. Kd2
Kf6 40. b4 Na6 41. a3 Ke5 42. Kxd3 Nc7 43. h4 f5 44. h5 Kd5 0-1

[Event "Thursday Night Marathon Online"]
[Site "chess.com"]
[Date "2021.07.08"]
[Round "6"]
[White "Gedajlovic, Max"]
[Black "Dhulipalla, Bala Chandra Prasad"]
[Result "0-1"]
[WhiteElo "2213"]
[BlackElo "2523"]
[PlyCount "60"]
[EventDate "2021.06.24"]
[EventType "swiss (rapid)"]
[EventRounds "8"]
[EventCountry "USA"]

1. d4 d5 2. c4 Nc6 3. Nf3 Bg4 4. cxd5 Bxf3 5. dxc6 Bxc6 6. Nc3 e6 7. e4 Bb4 8.
f3 Qh4+ 9. g3 Qh5 10. Be2 O-O-O 11. Be3 f5 12. e5 Ne7 13. O-O Ba5 14. f4 Qh3
15. Rf2 h5 16. Bf1 Qg4 17. Qxg4 hxg4 18. Rd1 Nd5 19. Nxd5 Bxd5 20. b3 Bb6 21.
Bc4 Rd7 22. Rfd2 Kd8 23. Bb5 c6 24. Bc4 Ke7 25. Rd3 Rhd8 26. Bf2 Bf3 27. R1d2
Be4 28. Rc3 Ba5 29. Rdc2 Bxc2 30. Rxc2 Bb6 0-1

[Event "Thursday Night Marathon Online"]
[Site "chess.com"]
[Date "2021.07.15"]
[Round "7"]
[White "Andersen, Jeff"]
[Black "Gedajlovic, Max"]
[Result "0-1"]
[WhiteElo "1643"]
[BlackElo "2213"]
[PlyCount "106"]
[EventDate "2021.06.24"]
[EventType "swiss (rapid)"]
[EventRounds "8"]
[EventCountry "USA"]

1. Nf3 Nf6 2. g3 d5 3. Bg2 g6 4. O-O Bg7 5. d3 O-O 6. Nbd2 c5 7. e4 Nc6 8. c3
b6 9. e5 Ne8 10. d4 Nc7 11. a4 Ne6 12. dxc5 bxc5 13. Re1 Ba6 14. Bf1 Bxf1 15.
Nxf1 Qd7 16. Kg2 Rfd8 17. h3 d4 18. cxd4 cxd4 19. Qd3 Qd5 20. Qe4 Nxe5 21. Qxd5
Rxd5 22. Nxe5 Bxe5 23. f4 Bf6 24. Nd2 Nc5 25. Ne4 Nxe4 26. Rxe4 d3 27. Bd2 Bxb2
28. Rb1 Bf6 29. g4 Rc8 30. Kf3 Rc2 31. Ke3 e5 32. Rb8+ Kg7 33. Rb5 exf4+ 34.
Rxf4 Rxb5 35. axb5 Bg5 36. Kxd3 Rxd2+ 37. Kxd2 Bxf4+ 38. Kd3 Kf6 39. Ke4 Bc7
40. h4 Ke6 41. h5 f5+ 42. gxf5+ gxf5+ 43. Kd4 Bb6+ 44. Kd3 Ke5 45. Ke2 Ke4 46.
Kf1 Kf3 47. Ke1 Kg2 48. Ke2 f4 49. Kd3 f3 50. Kc4 f2 51. Kd5 f1=Q 52. Kc6 Qc4+
53. Kb7 Qxb5 0-1

[Event "Thursday Night Marathon Online"]
[Site "chess.com"]
[Date "2021.07.15"]
[Round "8"]
[White "Gedajlovic, Max"]
[Black "Lenderman, Alexander"]
[Result "0-1"]
[WhiteElo "2213"]
[BlackElo "2703"]
[PlyCount "114"]
[EventDate "2021.06.24"]
[EventType "swiss (rapid)"]
[EventRounds "8"]
[EventCountry "USA"]

1. d4 d6 2. Nf3 Nf6 3. Nbd2 g6 4. e4 Bg7 5. Bd3 O-O 6. O-O Nc6 7. c3 e5 8. h3
Nh5 9. Nb3 a5 10. Be3 Nf4 11. Bxf4 exf4 12. Re1 Re8 13. Qd2 g5 14. a4 Qf6 15.
Bb5 Rd8 16. Rad1 g4 17. hxg4 Bxg4 18. Be2 Re8 19. Qd3 Rab8 20. Nbd2 h5 21. Qb5
Kh8 22. Nh2 Bxe2 23. Rxe2 Qg6 24. Ndf3 Bf6 25. Kh1 Re7 26. e5 dxe5 27. dxe5
Rbe8 28. Qxb7 Nxe5 29. Nxe5 Bxe5 30. Rde1 f6 31. Qe4 Kg7 32. Qxg6+ Kxg6 33. Nf3
Re6 34. Nd2 Rc6 35. Re4 Rb8 36. Nc4 Rxc4 37. Rxc4 Rxb2 38. Kg1 Ra2 39. Rd1 Kg5
40. Kf1 h4 41. Rd8 h3 42. gxh3 f3 43. Rd1 Rc2 44. Rc5 Kh4 45. Rxa5 Kxh3 46. Ra8
Bxc3 47. a5 c5 48. a6 Bd4 49. Kg1 Bxf2+ 50. Kh1 Bh4 51. Kg1 Rg2+ 52. Kf1 Rf2+
53. Kg1 Ra2 54. a7 c4 55. Rc1 Bf2+ 56. Kh1 Bxa7 57. Rg1 Rh2# 0-1

[Event "Americas World Cup QGp4"]
[Site "Tornelo INT"]
[Date "2021.05.22"]
[Round "1.1"]
[White "Gedajlovic, Max"]
[Black "Duarte, Le"]
[Result "1-0"]
[WhiteElo "2270"]
[BlackElo "2330"]
[PlyCount "85"]
[EventDate "2021.05.22"]
[EventType "k.o."]
[EventRounds "3"]
[EventCountry "NET"]
[Source "Mark Crowther"]
[SourceDate "2021.05.24"]

1. d4 d5 2. c4 c6 3. Nf3 Nf6 4. Nbd2 Bf5 5. Nh4 Be4 6. Qb3 Qd7 7. Nhf3 e6 8. e3
Qc7 9. Be2 Nbd7 10. Nxe4 Nxe4 11. O-O g5 12. c5 b6 13. Bd3 Ndf6 14. cxb6 axb6
15. Ne5 Bd6 16. f4 gxf4 17. exf4 c5 18. Bb5+ Kf8 19. Qh3 h5 20. Be3 cxd4 21.
Bxd4 Bc5 22. Qd3 Bxd4+ 23. Qxd4 Qc5 24. Qxc5+ bxc5 25. f5 Ke7 26. fxe6 Kxe6 27.
Nd3 Rab8 28. a4 c4 29. Nb4 Kd6 30. Rad1 Rbc8 31. Rf4 Ke5 32. Rf3 Rhg8 33. Bc6
Rcd8 34. Bb5 Rc8 35. Bc6 Rcd8 36. a5 Rg5 37. Bxd5 Nxd5 38. Nc6+ Kd6 39. Nxd8 f6
40. Nf7+ Kc5 41. Nxg5 fxg5 42. Rf5 Nef6 43. a6 1-0

[Event "Americas World Cup QGp4"]
[Site "Tornelo INT"]
[Date "2021.05.23"]
[Round "1.2"]
[White "Duarte, Le"]
[Black "Gedajlovic, Max"]
[Result "0-1"]
[WhiteElo "2330"]
[BlackElo "2270"]
[PlyCount "88"]
[EventDate "2021.05.22"]
[EventType "k.o."]
[EventRounds "3"]
[EventCountry "NET"]
[Source "Mark Crowther"]
[SourceDate "2021.05.24"]

1. d4 Nf6 2. Bf4 e6 3. Nd2 d5 4. e3 c5 5. c3 Nc6 6. Ngf3 cxd4 7. exd4 Nh5 8.
Bg3 Nxg3 9. hxg3 g6 10. Bd3 Bg7 11. O-O O-O 12. Re1 Qd6 13. Qe2 f6 14. b4 Bd7
15. b5 Ne7 16. c4 Rae8 17. Nb3 dxc4 18. Bxc4 Nd5 19. Nc5 Bc8 20. Qb2 b6 21. Ne4
Qe7 22. a4 Rd8 23. Qb3 Rfe8 24. a5 g5 25. axb6 axb6 26. Ra8 Bb7 27. Ra7 Qc7 28.
Nc3 Nxc3 29. Qxc3 Kh8 30. Qb3 Qb8 31. Qa2 Bc8 32. Rf7 Qd6 33. g4 Bd7 34. Rxd7
Qxd7 35. Bxe6 Qxb5 36. d5 Qa5 37. Qb3 Qc5 38. Rb1 Rd6 39. Nd2 Rexe6 40. dxe6
Rxd2 41. Qxb6 Qxb6 42. Rxb6 Rd8 43. e7 Re8 44. Rd6 Kg8 0-1

[Event "Americas World Cup QGp4"]
[Site "Tornelo INT"]
[Date "2021.05.24"]
[Round "2.1"]
[White "Gedajlovic, Max"]
[Black "Henriquez Villagra, C."]
[Result "0-1"]
[WhiteElo "2270"]
[BlackElo "2600"]
[PlyCount "58"]
[EventDate "2021.05.22"]
[EventType "k.o."]
[EventRounds "3"]
[EventCountry "NET"]
[Source "Mark Crowther"]
[SourceDate "2021.05.31"]

1. d4 d5 2. c4 c6 3. Nf3 Nf6 4. e3 e6 5. b3 Bb4+ 6. Nbd2 Ne4 7. Bd3 f5 8. O-O
Nd7 9. Bb2 Qf6 10. a3 Bd6 11. b4 g5 12. Bxe4 dxe4 13. Ne5 Qh6 14. f4 Nf6 15. d5
gxf4 16. exf4 Rg8 17. Qe2 exd5 18. cxd5 Nxd5 19. Ndc4 Bc7 20. Kh1 Be6 21. Qf2
Qxf4 22. Qxf4 Nxf4 23. Rxf4 Bxc4 24. Rxf5 Bd5 25. h3 O-O-O 26. Re1 e3 27. Re2
Be4 28. Rf1 Bxe5 29. Bxe5 Bd3 0-1

[Event "Americas World Cup QGp4"]
[Site "Tornelo INT"]
[Date "2021.05.25"]
[Round "2.2"]
[White "Henriquez Villagra, C."]
[Black "Gedajlovic, Max"]
[Result "1/2-1/2"]
[WhiteElo "2600"]
[BlackElo "2270"]
[PlyCount "93"]
[EventDate "2021.05.22"]
[EventType "k.o."]
[EventRounds "3"]
[EventCountry "NET"]
[Source "Mark Crowther"]
[SourceDate "2021.05.31"]

1. Nf3 d5 2. d4 Nf6 3. c3 e6 4. Bf4 Bd6 5. Bg3 O-O 6. e3 c5 7. Nbd2 Nc6 8. Bd3
b6 9. Ne5 Bb7 10. f4 Ne7 11. Qb1 g6 12. Bf2 Ne8 13. O-O f6 14. Nef3 Qc8 15. b4
a5 16. a3 Nc7 17. bxc5 bxc5 18. dxc5 Bxc5 19. c4 Rb8 20. Qc2 Ba7 21. Rfe1 Qd7
22. Qc3 a4 23. Rad1 Nc6 24. Bc2 Ne7 25. Qa5 Ra8 26. Qb4 Nc6 27. Qc3 Bb6 28. Qa1
Na5 29. cxd5 Nxd5 30. Ne4 Qe7 31. Bd3 Nb3 32. Qb2 Rab8 33. Kh1 Bc6 34. Bh4 Ba5
35. Ne5 Be8 36. Ng4 Bxe1 37. Nexf6+ Nxf6 38. Bxf6 Rxf6 39. Nxf6+ Kf7 40. Nxe8
Rxe8 41. Rxe1 Rd8 42. Bc4 Rd2 43. Qe5 Qf6 44. Qc7+ Qe7 45. Qe5 Qf6 46. Qc7+ Qe7
47. Qe5 1/2-1/2

[Event "Tuesday Night Marathon 2021.05.11"]
[Site "chess.com"]
[Date "2021.05.11"]
[Round "1"]
[White "Gedajlovic, Max"]
[Black "Anand, Sanjeev"]
[Result "1-0"]
[WhiteElo "2213"]
[BlackElo "1721"]
[PlyCount "59"]
[EventDate "2021.05.11"]
[EventType "swiss (rapid)"]
[EventRounds "6"]
[EventCountry "USA"]

1. d4 d5 2. c4 c6 3. Nf3 Nf6 4. e3 a6 5. b3 b5 6. Bd3 Qc7 7. O-O Nbd7 8. Bb2 g6
9. Nbd2 Bg7 10. Rc1 Qb6 11. c5 Qc7 12. h3 O-O 13. Ne5 Nxe5 14. dxe5 Ne4 15.
Nxe4 dxe4 16. Bxe4 Rd8 17. Qe2 Be6 18. f4 f5 19. exf6 Bxf6 20. f5 Bxb2 21. Qxb2
Bxf5 22. Bxf5 gxf5 23. Rxf5 Rd5 24. Rcf1 Rxf5 25. Rxf5 Qg3 26. Rf3 Qe1+ 27. Kh2
Rf8 28. Rg3+ Kf7 29. Qe5 Qa5 30. Rg7+ 1-0

[Event "Tuesday Night Marathon 2021.05.11"]
[Site "chess.com"]
[Date "2021.05.11"]
[Round "2"]
[White "Tsolias, Georgios"]
[Black "Gedajlovic, Max"]
[Result "0-1"]
[WhiteElo "1536"]
[BlackElo "2213"]
[PlyCount "82"]
[EventDate "2021.05.11"]
[EventType "swiss (rapid)"]
[EventRounds "6"]
[EventCountry "USA"]

1. e4 e6 2. d4 d5 3. e5 c5 4. c3 Bd7 5. Nf3 Qb6 6. Be2 Bb5 7. O-O Bxe2 8. Qxe2
Qa6 9. Re1 Qxe2 10. Rxe2 Nh6 11. Bxh6 gxh6 12. dxc5 Bxc5 13. Nd4 Nc6 14. Nxc6
bxc6 15. Nd2 Rb8 16. b4 Be7 17. Nb3 Kd7 18. a3 Rhg8 19. Rd1 Kc7 20. Re3 Rg7 21.
f4 Rg4 22. Rf1 Rbg8 23. g3 c5 24. f5 Bg5 25. Ref3 cxb4 26. fxe6 fxe6 27. Rf7+
Kb6 28. cxb4 Rc8 29. Nc5 Be3+ 30. Kg2 Bxc5 31. bxc5+ Rxc5 32. Rb1+ Ka6 33. Rxh7
d4 34. Rbb7 Rxe5 35. Rxa7+ Kb5 36. Rhd7 Rd5 37. Rxd5+ exd5 38. Rd7 d3 39. Rxd5+
Kc4 40. Rd8 Rd4 41. Rc8+ Kb3 0-1

[Event "Tuesday Night Marathon 2021.05.11"]
[Site "chess.com"]
[Date "2021.05.18"]
[Round "3"]
[White "Guseinov, Gadir"]
[Black "Gedajlovic, Max"]
[Result "1-0"]
[WhiteElo "2651"]
[BlackElo "2213"]
[PlyCount "61"]
[EventDate "2021.05.11"]
[EventType "swiss (rapid)"]
[EventRounds "6"]
[EventCountry "USA"]

1. e4 c5 2. Nc3 Nc6 3. Bb5 Nd4 4. Nf3 g6 5. Ba4 Bg7 6. O-O a6 7. Nxd4 cxd4 8.
Ne2 e6 9. c3 b5 10. Bc2 dxc3 11. dxc3 Ne7 12. Bg5 O-O 13. Qd6 f6 14. Be3 Nc6
15. Rfd1 Re8 16. a4 b4 17. h4 Qa5 18. Nd4 Nxd4 19. Bxd4 bxc3 20. Bxc3 Qh5 21.
Qg3 d5 22. Qc7 e5 23. exd5 Qxh4 24. d6 Bg4 25. Qc4+ Kh8 26. f3 Bh6 27. Qe4 f5
28. Qe1 Qf6 29. fxg4 fxg4 30. d7 Re6 31. Bb3 1-0

[Event "Tuesday Night Marathon 2021.05.11"]
[Site "chess.com"]
[Date "2021.05.18"]
[Round "4"]
[White "Gedajlovic, Max"]
[Black "Hao, Max"]
[Result "1-0"]
[WhiteElo "2213"]
[BlackElo "1818"]
[PlyCount "71"]
[EventDate "2021.05.11"]
[EventType "swiss (rapid)"]
[EventRounds "6"]
[EventCountry "USA"]

1. d4 d5 2. Nf3 Nf6 3. e3 e6 4. Bd3 c5 5. O-O Bd6 6. b3 O-O 7. Bb2 cxd4 8. exd4
Nc6 9. a3 Qc7 10. Qe2 a6 11. Nbd2 b5 12. Ne5 Bb7 13. f4 b4 14. a4 Qb6 15. Qe3
a5 16. Kh1 Ne7 17. Qh3 Qc7 18. Ng4 Ne4 19. Nf3 Bxf4 20. Nfe5 Bxe5 21. dxe5 Nf5
22. Bxe4 dxe4 23. Rxf5 exf5 24. Nf6+ gxf6 25. Qh6 fxe5 26. Qg5+ Kh8 27. Qf6+
Kg8 28. Bxe5 Qxe5 29. Qxe5 Bc8 30. Re1 Ra6 31. Re3 f6 32. Rg3+ Kh8 33. Qe7 Rg8
34. Rxg8+ Kxg8 35. Qe8+ Kg7 36. Qxc8 1-0

[Event "World Cup Americas Prelim"]
[Site "Tornelo INT"]
[Date "2021.05.08"]
[Round "1.32"]
[White "Shaw, Jaden"]
[Black "Gedajlovic, Max"]
[Result "1/2-1/2"]
[WhiteElo "1614"]
[BlackElo "2270"]
[PlyCount "162"]
[EventDate "2021.05.08"]
[EventType "swiss (rapid)"]
[EventRounds "9"]
[EventCountry "NET"]
[Source "Mark Crowther"]
[SourceDate "2021.05.17"]

1. e4 e6 2. d4 d5 3. Nd2 c5 4. exd5 Qxd5 5. Ngf3 cxd4 6. Bc4 Qd8 7. O-O Nc6 8.
Nb3 a6 9. Nbxd4 Nxd4 10. Nxd4 Qc7 11. Bb3 Bd6 12. h3 Bd7 13. c3 O-O-O 14. Qf3
Nf6 15. Bg5 Rhg8 16. Rad1 h6 17. Bh4 Bh2+ 18. Kh1 Be5 19. Rfe1 Bxd4 20. Rxd4
Bc6 21. Qe3 Rxd4 22. Qxd4 Rd8 23. Qe3 Qa5 24. Bg3 Ne4 25. Qf4 Nxg3+ 26. Qxg3
Qg5 27. Qxg5 hxg5 28. Rd1 Rh8 29. Kg1 Kc7 30. f3 a5 31. Kf2 a4 32. Bc2 e5 33.
Ke3 f6 34. a3 Ra8 35. Be4 Ra6 36. Rd2 Rb6 37. g3 Bd7 38. h4 gxh4 39. gxh4 f5
40. Bb1 Rh6 41. Rg2 g6 42. Bd3 Be8 43. f4 exf4+ 44. Kxf4 Rxh4+ 45. Ke5 Rh3 46.
Bc4 Re3+ 47. Kf6 Re4 48. Bd5 Re3 49. Rh2 Bc6 50. Bf7 f4 51. Bxg6 f3 52. Bh5 Kd6
53. Rf2 Kc5 54. Kf5 Kc4 55. Kf4 Re4+ 56. Kg3 Re3 57. Kf4 Re4+ 58. Kg3 Re5 59.
Bf7+ Kc5 60. Kf4 Re7 61. Ba2 Re2 62. Kg3 b6 63. Bf7 Re7 64. Bh5 Rg7+ 65. Kf4
Rg8 66. Ke3 Rf8 67. Kd3 Bd5 68. Bg4 Rf4 69. Bh5 Rf6 70. Bg4 Bc6 71. Bh5 Bb5+
72. Kc2 Be2 73. Bg4 Rf4 74. Bh5 Rf8 75. Bg4 Kd5 76. Kd2 Kc5 77. Kc2 Rg8 78.
Bxf3 Bxf3 79. Rxf3 Rg2+ 80. Kb1 b5 81. Rf4 Rg1+ 1/2-1/2

[Event "World Cup Americas Prelim"]
[Site "Tornelo INT"]
[Date "2021.05.08"]
[Round "2.28"]
[White "Gedajlovic, Max"]
[Black "Duarte, Le"]
[Result "1/2-1/2"]
[WhiteElo "2270"]
[BlackElo "2330"]
[PlyCount "57"]
[EventDate "2021.05.08"]
[EventType "swiss (rapid)"]
[EventRounds "9"]
[EventCountry "NET"]
[Source "Mark Crowther"]
[SourceDate "2021.05.17"]

1. d4 d5 2. c4 c6 3. Nf3 Nf6 4. e3 Bg4 5. Nc3 e6 6. h3 Bxf3 7. Qxf3 Nbd7 8. g4
Bb4 9. Bd3 O-O 10. Bd2 e5 11. cxd5 cxd5 12. Bc2 exd4 13. exd4 Re8+ 14. Kf1 Rc8
15. Kg2 Ne4 16. Rad1 Nxd2 17. Rxd2 Nf6 18. Bf5 Rc7 19. Rc2 Ne4 20. Nxe4 Rxc2
21. Nf6+ Qxf6 22. Bxc2 Qxd4 23. Rd1 Qxb2 24. Bb3 Qf6 25. Qxf6 gxf6 26. Rxd5 b6
27. Rd7 Re7 28. Rxe7 Bxe7 29. a4 1/2-1/2

[Event "World Cup Americas Prelim"]
[Site "Tornelo INT"]
[Date "2021.05.08"]
[Round "3.28"]
[White "Gamboa Alvarado, L."]
[Black "Gedajlovic, Max"]
[Result "1/2-1/2"]
[WhiteElo "1865"]
[BlackElo "2270"]
[PlyCount "112"]
[EventDate "2021.05.08"]
[EventType "swiss (rapid)"]
[EventRounds "9"]
[EventCountry "NET"]
[Source "Mark Crowther"]
[SourceDate "2021.05.17"]

1. d4 Nf6 2. Nf3 e6 3. e3 b6 4. Bd3 Bb7 5. O-O g6 6. c4 Bg7 7. Nc3 O-O 8. e4 d6
9. Bg5 Qe8 10. Qd2 a6 11. Bh6 e5 12. Bxg7 Kxg7 13. dxe5 dxe5 14. Qg5 Nfd7 15.
Nd5 Bxd5 16. cxd5 f6 17. Qe3 a5 18. Rac1 Nc5 19. Rxc5 bxc5 20. Qxc5 Rf7 21. Rc1
Qa4 22. a3 Qb3 23. Qc3 Qxc3 24. Rxc3 Ra7 25. Nd2 Nd7 26. b3 f5 27. f3 h5 28.
Kf2 fxe4 29. Nxe4 Nf6 30. Nxf6 Rxf6 31. Ke3 Rf4 32. Rc6 Rf6 33. Rc5 Rb6 34. Bc2
Kf6 35. Ke4 Rd6 36. h4 Rb6 37. Rc3 Rd6 38. Rc5 c6 39. dxc6 Rc7 40. Rxa5 Rdxc6
41. Bd3 Rd6 42. Bc4 Rd4+ 43. Ke3 Rxh4 44. Ra6+ Kg7 45. Re6 Rhxc4 46. bxc4 Rxc4
47. Rxe5 Rc3+ 48. Kf4 Rxa3 49. Kg5 Ra7 50. g4 hxg4 51. fxg4 Rb7 52. Rd5 Rc7 53.
Re5 Rd7 54. Rc5 Re7 55. Rd5 Rf7 56. Re5 Rd7 1/2-1/2

[Event "World Cup Americas Prelim"]
[Site "Tornelo INT"]
[Date "2021.05.08"]
[Round "4.29"]
[White "Gedajlovic, Max"]
[Black "Salazar Gould, Melanie"]
[Result "1-0"]
[WhiteElo "2270"]
[BlackElo "1961"]
[PlyCount "75"]
[EventDate "2021.05.08"]
[EventType "swiss (rapid)"]
[EventRounds "9"]
[EventCountry "NET"]
[Source "Mark Crowther"]
[SourceDate "2021.05.17"]

1. d4 Nf6 2. Nf3 g6 3. Nbd2 Bg7 4. e4 d6 5. Bd3 O-O 6. O-O c5 7. c3 Nc6 8. h3
Rb8 9. d5 Ne5 10. Nxe5 dxe5 11. a4 a6 12. a5 e6 13. c4 exd5 14. cxd5 Nh5 15.
Nc4 Qh4 16. Re1 f5 17. exf5 Bxf5 18. Be3 Nf4 19. Bxf5 Rxf5 20. Nd6 Rg5 21. Bxf4
exf4 22. Ne4 Re5 23. Nxc5 Rbe8 24. Ne6 Rxe1+ 25. Qxe1 f3 26. gxf3 Qxh3 27. Qe4
Bf6 28. Re1 Qh5 29. d6 Bd8 30. Qd4 Qh6 31. d7 Rxe6 32. Rxe6 Qg5+ 33. Qg4 Qc1+
34. Kg2 Bc7 35. Re8+ Kg7 36. d8=Q Bxd8 37. Rxd8 Qxb2 38. Qd4+ 1-0

[Event "World Cup Americas Prelim"]
[Site "Tornelo INT"]
[Date "2021.05.09"]
[Round "5.18"]
[White "Johnson, Joshua"]
[Black "Gedajlovic, Max"]
[Result "0-1"]
[WhiteElo "2131"]
[BlackElo "2270"]
[PlyCount "36"]
[EventDate "2021.05.08"]
[EventType "swiss (rapid)"]
[EventRounds "9"]
[EventCountry "NET"]
[Source "Mark Crowther"]
[SourceDate "2021.05.17"]

1. e4 e6 2. d4 d5 3. Nc3 Bb4 4. e5 c5 5. a3 Bxc3+ 6. bxc3 Ne7 7. Qg4 Qc7 8. Bd3
cxd4 9. Ne2 dxc3 10. Qxg7 Rg8 11. Qf6 Nd7 12. Bb5 Nc6 13. Qh6 Qxe5 14. g3 Nd4
15. Bd3 Nc5 16. Qxh7 Rh8 17. Bf4 Rxh7 18. Bxe5 Nxd3+ 0-1

[Event "World Cup Americas Prelim"]
[Site "Tornelo INT"]
[Date "2021.05.09"]
[Round "6.8"]
[White "Gedajlovic, Max"]
[Black "Zapata, Alo"]
[Result "0-1"]
[WhiteElo "2270"]
[BlackElo "2421"]
[PlyCount "70"]
[EventDate "2021.05.08"]
[EventType "swiss (rapid)"]
[EventRounds "9"]
[EventCountry "NET"]
[Source "Mark Crowther"]
[SourceDate "2021.05.17"]

1. d4 Nf6 2. Nf3 g6 3. Nbd2 d5 4. e3 Bg7 5. b4 O-O 6. c4 Nbd7 7. Bb2 c6 8. a4
Ne4 9. Be2 Re8 10. O-O Nxd2 11. Qxd2 Nf6 12. h3 Ne4 13. Qc2 Nd6 14. c5 Bf5 15.
Qb3 Ne4 16. Rfd1 f6 17. b5 Qd7 18. Ne1 e5 19. Nd3 h5 20. a5 cxb5 21. a6 exd4
22. Bxd4 Rec8 23. Ra5 bxa6 24. Rxa6 Qb7 25. Qa2 Kh7 26. Qa5 Bd7 27. Bf3 Ng5 28.
Bxf6 Nxf3+ 29. gxf3 Bxh3 30. Rd6 Qf7 31. Bxg7 Qxf3 32. Nf4 Qxd1+ 33. Kh2 Bf5
34. Qc3 Be4 35. Ng2 Qf3 0-1

[Event "World Cup Americas Prelim"]
[Site "Tornelo INT"]
[Date "2021.05.09"]
[Round "7.19"]
[White "Song, Guannan Terry"]
[Black "Gedajlovic, Max"]
[Result "0-1"]
[WhiteElo "2145"]
[BlackElo "2270"]
[PlyCount "84"]
[EventDate "2021.05.08"]
[EventType "swiss (rapid)"]
[EventRounds "9"]
[EventCountry "NET"]
[Source "Mark Crowther"]
[SourceDate "2021.05.17"]

1. e4 e6 2. d4 d5 3. Nc3 Bb4 4. exd5 exd5 5. Bd3 Nc6 6. a3 Ba5 7. Nge2 Nge7 8.
O-O Bf5 9. b4 Bb6 10. Na4 O-O 11. Nc5 Bxc5 12. dxc5 Bxd3 13. cxd3 a6 14. Ng3
Qd7 15. Qh5 Rad8 16. Bg5 f6 17. Bd2 g6 18. Qh6 Nf5 19. Qf4 Nxg3 20. fxg3 Ne5
21. d4 Nc4 22. Rf2 Rde8 23. Raf1 Re4 24. Qh6 f5 25. h3 Qg7 26. g4 Nxd2 27. Qxd2
Rxd4 28. Qe3 Re4 29. Qb3 Qe5 30. gxf5 Rxf5 31. Rxf5 gxf5 32. b5 Qd4+ 33. Kh1
Re3 34. Qb1 Qe4 35. Qxe4 fxe4 36. c6 bxc6 37. bxc6 Rc3 38. Rf5 d4 39. Rf4 e3
40. Rxd4 e2 41. Re4 Rc1+ 42. Kh2 e1=Q 0-1

[Event "World Cup Americas Prelim"]
[Site "Tornelo INT"]
[Date "2021.05.09"]
[Round "8.15"]
[White "Gedajlovic, Max"]
[Black "Arrieta, Cristian"]
[Result "0-1"]
[WhiteElo "2270"]
[BlackElo "1863"]
[PlyCount "72"]
[EventDate "2021.05.08"]
[EventType "swiss (rapid)"]
[EventRounds "9"]
[EventCountry "NET"]
[Source "Mark Crowther"]
[SourceDate "2021.05.17"]

1. d4 e6 2. Nf3 d5 3. c4 f5 4. e3 Nf6 5. Bd3 c6 6. O-O Bd6 7. b3 Qe7 8. a4 O-O
9. Ba3 Bxa3 10. Nxa3 Nbd7 11. Nc2 a5 12. cxd5 Nxd5 13. e4 Nc3 14. Qe1 fxe4 15.
Bxe4 Nd5 16. Ne3 Nf4 17. Nc4 Nf6 18. Bc2 N6d5 19. Qe4 g6 20. Rae1 b5 21. Nce5
Bb7 22. Nd3 bxa4 23. Nc5 a3 24. g3 Nc3 25. Qe5 Nfd5 26. Ng5 Ba6 27. Ngxe6 Bxf1
28. Nxf8 Qxe5 29. dxe5 Rxf8 30. Kxf1 a2 31. b4 Ne3+ 32. Rxe3 a1=Q+ 33. Kg2 Nd5
34. Bb3 axb4 35. e6 Nxe3+ 36. fxe3 Qf1# 0-1

[Event "World Cup Americas Prelim"]
[Site "Tornelo INT"]
[Date "2021.05.09"]
[Round "9.21"]
[White "Mollo, Jhoan"]
[Black "Gedajlovic, Max"]
[Result "1/2-1/2"]
[WhiteElo "2073"]
[BlackElo "2270"]
[PlyCount "53"]
[EventDate "2021.05.08"]
[EventType "swiss (rapid)"]
[EventRounds "9"]
[EventCountry "NET"]
[Source "Mark Crowther"]
[SourceDate "2021.05.17"]

1. d4 Nf6 2. Bf4 e6 3. e3 c5 4. c3 Nc6 5. Nd2 d5 6. Ngf3 Bd6 7. Bg3 O-O 8. Bd3
Qe7 9. Ne5 Nd7 10. Nxd7 Bxd7 11. Bxd6 Qxd6 12. f4 cxd4 13. cxd4 Nb4 14. Bb1 Qa6
15. Nb3 Ba4 16. a3 Nc6 17. Nc5 Bxd1 18. Nxa6 Bh5 19. Nc5 b6 20. Nb3 Rac8 21.
Kd2 Bg6 22. Bxg6 hxg6 23. Rhc1 Ne7 24. Rxc8 Rxc8 25. Rc1 Rxc1 26. Nxc1 Kf8 27.
Nd3 1/2-1/2

[Event "Tuesday Night Marathon 2021.05 Online"]
[Site "chess.com"]
[Date "2021.04.13"]
[Round "1"]
[White "Gedajlovic, Max"]
[Black "Fong, Kevin M"]
[Result "1-0"]
[WhiteElo "2195"]
[BlackElo "1620"]
[PlyCount "49"]
[EventDate "2021.04.13"]
[EventType "swiss (rapid)"]
[EventRounds "6"]
[EventCountry "USA"]

1. d4 Nf6 2. c4 g6 3. Nc3 Bg7 4. e4 d6 5. h3 O-O 6. Be3 e5 7. d5 Na6 8. g4 Nc5
9. f3 a5 10. Qd2 b6 11. Nge2 Ne8 12. Ng3 Kh8 13. h4 f5 14. Bg5 Bf6 15. gxf5
Bxg5 16. hxg5 gxf5 17. g6 Nf6 18. exf5 Qe7 19. Qg5 Qg7 20. Nce4 Ncxe4 21. fxe4
h5 22. Nxh5 Nxh5 23. Rxh5+ Kg8 24. Rh7 Qf6 25. Qh5 1-0

[Event "Tuesday Night Marathon 2021.05 Online"]
[Site "chess.com"]
[Date "2021.04.13"]
[Round "2"]
[White "Uzakbaev, Nursultan"]
[Black "Gedajlovic, Max"]
[Result "0-1"]
[WhiteElo "1395"]
[BlackElo "2195"]
[PlyCount "98"]
[EventDate "2021.04.13"]
[EventType "swiss (rapid)"]
[EventRounds "6"]
[EventCountry "USA"]

1. d4 Nf6 2. c4 e6 3. Nc3 Bb4 4. Qc2 O-O 5. Bg5 h6 6. Bxf6 Qxf6 7. e3 c5 8. Nf3
Nc6 9. Rd1 d6 10. Be2 e5 11. d5 Bf5 12. Bd3 e4 13. Bxe4 Bxe4 14. Qxe4 Bxc3+ 15.
bxc3 Qxc3+ 16. Nd2 Rfe8 17. Qb1 Na5 18. Rc1 Qe5 19. O-O b6 20. Qd3 Rab8 21.
Rfe1 a6 22. a4 Qe7 23. e4 Qd7 24. Qc2 b5 25. axb5 axb5 26. f4 bxc4 27. Nxc4
Nxc4 28. Qxc4 Rb4 29. Qc2 c4 30. Qc3 Qb5 31. e5 Qc5+ 32. Kh1 Ra4 33. e6 Qxd5
34. Rcd1 Qa5 35. Qxa5 Rxa5 36. f5 Rxf5 37. e7 f6 38. Rxd6 Rxe7 39. Rd8+ Kf7 40.
Rc1 Rc7 41. h3 c3 42. Kh2 h5 43. Kg3 c2 44. Rd2 Rfc5 45. Kf3 Ke6 46. Re2+ Kf5
47. g4+ hxg4+ 48. hxg4+ Kg5 49. Kg3 Rc3+ 0-1